000 01133nam a22002777a 4500
999 _c39482
_d39482
005 20251125232931.0
008 s2545 th tha d
020 _a9748254313
040 _aNALT
041 _atha
050 _aHD57.7 ผ749 2545
100 0 _aคัมมิงส์, โทมัส จี., บรรณาธิการ
245 1 0 _aผู้นำแห่งอนาคต
260 3 _aกรุงเทพฯ :
_bเอ. อาร์. บิซิเนส เพรส,
_c2545
300 _a407 หน้า ;
_b 21 ซม.
650 0 4 _aการจัดการองค์การ
650 0 4 _aผู้นำ
650 0 4 _aผู้นำในองค์การ
650 0 4 _aภาวะผู้นำ
650 0 4 _aภาวะผู้นำผู้นำในองค์การผู้นำการจัดการองค์การ
700 0 _aคัมมิงส์, โทมัส จี., บรรณาธิการ
850 _aNALT
856 4 0 _uhttps://hdl.handle.net/20.500.14156/449308
_71
942 _cGB
_2lcc